Osud talentů ovlivňují nadřízení

Najefektívnejšie procesy a nástroje pre identifikáciu talentov a ich cielený rozvoj v T-Mobile Czech Republic. Úloha manažérov pri vytipovaní schopných talentovaných ľúdí na kľúčové pozície. Identifikácia talentovaných ľudí - dve alternatívy. Interný nábor, nábor vo vnútri firmy. Špeciálne školenia...

Descrizione completa

Salvato in:
Dettagli Bibliografici
Autore principale: Kazdová, Alena
Natura: Capitolo di libro
Lingua:ceco
Soggetti:
Tags: Aggiungi Tag
Nessun Tag, puoi essere il primo ad aggiungerne!!

MARC

LEADER 00000naa$a2200000$$$4500
001 0055639
005 20231019113937.8
041 0 |a cze 
044 |a CZ 
245 1 0 |a Osud talentů ovlivňují nadřízení  |c Alena Kazdová 
520 |a Najefektívnejšie procesy a nástroje pre identifikáciu talentov a ich cielený rozvoj v T-Mobile Czech Republic. Úloha manažérov pri vytipovaní schopných talentovaných ľúdí na kľúčové pozície. Identifikácia talentovaných ľudí - dve alternatívy. Interný nábor, nábor vo vnútri firmy. Špeciálne školenia z oblasti práce s ľuďmi pre všetkých nadriadených pracovníkov. Úloha nového kompetenčného modelu. Dlhodobá motivácia a udržanie talentov, do ktorých firma investovala. 
610 2 0 |a firmy 
610 2 0 |a riadenie ľudských zdrojov 
610 2 0 |a výber pracovníkov 
610 2 0 |a stabilizácia pracovníkov 
610 2 0 |a motivácia pracovná 
610 2 0 |a nadriadení 
100 1 |a Kazdová, Alena